<?xml version="1.0" encoding="UTF-8"?>
<record
    xmlns:xsi="http://www.w3.org/2001/XMLSchema-instance"
    xsi:schemaLocation="http://www.loc.gov/MARC21/slim http://www.loc.gov/standards/marcxml/schema/MARC21slim.xsd"
    xmlns="http://www.loc.gov/MARC21/slim">

  <leader>01167nam a2200277 a 4500</leader>
  <controlfield tag="003">DO-SdBNP</controlfield>
  <controlfield tag="005">20240710114450.0</controlfield>
  <controlfield tag="007">ta</controlfield>
  <controlfield tag="008">210907e20142018dr ||||er|||| 001 jdspa d</controlfield>
  <datafield tag="020" ind1=" " ind2=" ">
    <subfield code="a">9789945081848</subfield>
  </datafield>
  <datafield tag="040" ind1=" " ind2=" ">
    <subfield code="a">DO-SdBNP</subfield>
    <subfield code="b">spa</subfield>
    <subfield code="c">BNPHU</subfield>
  </datafield>
  <datafield tag="082" ind1=" " ind2="4">
    <subfield code="2">22</subfield>
    <subfield code="a">RD863.44</subfield>
    <subfield code="b">P426in</subfield>
  </datafield>
  <datafield tag="100" ind1="1" ind2=" ">
    <subfield code="a">Peralta, V&#xED;ctor M.</subfield>
    <subfield code="d">1958-</subfield>
    <subfield code="9">1861</subfield>
  </datafield>
  <datafield tag="245" ind1="1" ind2="0">
    <subfield code="a">Insomnio :</subfield>
    <subfield code="b">cuentos de punto fijo /</subfield>
    <subfield code="c">V&#xED;ctor M. Peralta ; Pr&#xF3;l&#xF3;go, Gerardo Castillo Javier.</subfield>
  </datafield>
  <datafield tag="250" ind1=" " ind2=" ">
    <subfield code="a">2a. ed. </subfield>
  </datafield>
  <datafield tag="260" ind1=" " ind2=" ">
    <subfield code="a">Santo Domingo :</subfield>
    <subfield code="b">B&#xFA;ho,</subfield>
    <subfield code="c">2018.</subfield>
  </datafield>
  <datafield tag="300" ind1=" " ind2=" ">
    <subfield code="a">129 p. ;</subfield>
    <subfield code="c">23 cm.</subfield>
  </datafield>
  <datafield tag="500" ind1=" " ind2=" ">
    <subfield code="a">Incluye datos biogr&#xE1;ficos del autor en las solapas de las cubiertas</subfield>
  </datafield>
  <datafield tag="505" ind1="0" ind2=" ">
    <subfield code="t">A&#xF1;adidos del autor --</subfield>
    <subfield code="t">Algo muy personal --</subfield>
    <subfield code="t">Gajes del oficio --</subfield>
    <subfield code="t">Hasta yo le tengo tengo pena --</subfield>
    <subfield code="t">Oeste americano --</subfield>
    <subfield code="t">Propuesta indecorosa --</subfield>
    <subfield code="t">Insomnio --</subfield>
    <subfield code="t">Emperrada --</subfield>
    <subfield code="t">La raz&#xF3;n de llamarte Perrito --</subfield>
    <subfield code="t">Tras un bendito pavo --</subfield>
    <subfield code="t">El hombre fantasma y el se&#xF1;or --</subfield>
  </datafield>
  <datafield tag="590" ind1=" " ind2=" ">
    <subfield code="a">Inventariado, 2021 /LP

</subfield>
  </datafield>
  <datafield tag="650" ind1=" " ind2="0">
    <subfield code="a">Novela dominicana</subfield>
    <subfield code="9">223</subfield>
  </datafield>
  <datafield tag="650" ind1=" " ind2="0">
    <subfield code="a">Novela dominicana</subfield>
    <subfield code="9">223</subfield>
  </datafield>
  <datafield tag="700" ind1="1" ind2=" ">
    <subfield code="a">Castillo Javier, Gerardo,</subfield>
    <subfield code="d">1963-</subfield>
    <subfield code="e">pr&#xF3;l&#xF3;go</subfield>
    <subfield code="9">1677</subfield>
  </datafield>
  <datafield tag="910" ind1=" " ind2=" ">
    <subfield code="a">Validado. Control de calidad MFF</subfield>
  </datafield>
  <datafield tag="942" ind1=" " ind2=" ">
    <subfield code="2">ddc</subfield>
    <subfield code="c">LBS1</subfield>
  </datafield>
  <datafield tag="952" ind1=" " ind2=" ">
    <subfield code="0">0</subfield>
    <subfield code="1">0</subfield>
    <subfield code="2">ddc</subfield>
    <subfield code="5">1</subfield>
    <subfield code="7">0</subfield>
    <subfield code="8">PD</subfield>
    <subfield code="a">BNPHU</subfield>
    <subfield code="b">PD</subfield>
    <subfield code="c">HD</subfield>
    <subfield code="d">2021-09-07</subfield>
    <subfield code="e">Editora B&#xFA;ho</subfield>
    <subfield code="l">0</subfield>
    <subfield code="o">BNPHU PD RD863.44 P426in</subfield>
    <subfield code="p">2021-26205</subfield>
    <subfield code="r">2021-09-07</subfield>
    <subfield code="w">2021-09-07</subfield>
    <subfield code="y">LFPD</subfield>
  </datafield>
  <datafield tag="952" ind1=" " ind2=" ">
    <subfield code="0">0</subfield>
    <subfield code="1">0</subfield>
    <subfield code="2">ddc</subfield>
    <subfield code="5">1</subfield>
    <subfield code="7">0</subfield>
    <subfield code="8">PD</subfield>
    <subfield code="a">BNPHU</subfield>
    <subfield code="b">PD</subfield>
    <subfield code="c">HD</subfield>
    <subfield code="d">2021-09-07</subfield>
    <subfield code="e">Editora B&#xFA;ho</subfield>
    <subfield code="o">BNPHU PD RD863.44 P426in</subfield>
    <subfield code="p">2021-26206</subfield>
    <subfield code="r">2021-09-07</subfield>
    <subfield code="t">e.2</subfield>
    <subfield code="w">2021-09-07</subfield>
    <subfield code="y">LBS1</subfield>
  </datafield>
  <datafield tag="952" ind1=" " ind2=" ">
    <subfield code="0">0</subfield>
    <subfield code="1">0</subfield>
    <subfield code="2">ddc</subfield>
    <subfield code="5">6</subfield>
    <subfield code="7">0</subfield>
    <subfield code="8">DS</subfield>
    <subfield code="a">BNPHU</subfield>
    <subfield code="b">DO</subfield>
    <subfield code="c">HD</subfield>
    <subfield code="d">2021-09-07</subfield>
    <subfield code="e">Editora B&#xFA;ho</subfield>
    <subfield code="l">0</subfield>
    <subfield code="o">BNPHU DS RD863.44 P426in</subfield>
    <subfield code="p">2021-26207</subfield>
    <subfield code="r">2021-09-07</subfield>
    <subfield code="t">e.3</subfield>
    <subfield code="w">2021-09-07</subfield>
    <subfield code="y">LFDS</subfield>
  </datafield>
  <datafield tag="952" ind1=" " ind2=" ">
    <subfield code="0">0</subfield>
    <subfield code="1">0</subfield>
    <subfield code="2">ddc</subfield>
    <subfield code="5">6</subfield>
    <subfield code="7">0</subfield>
    <subfield code="8">DS</subfield>
    <subfield code="a">BNPHU</subfield>
    <subfield code="b">BNPHU</subfield>
    <subfield code="c">HD</subfield>
    <subfield code="d">2018-09-12</subfield>
    <subfield code="e">Donado por Editora B&#xFA;ho</subfield>
    <subfield code="o">BNPHU DS RD863.44 P426in</subfield>
    <subfield code="p">2023-0320</subfield>
    <subfield code="r">2023-01-20</subfield>
    <subfield code="t">e.4</subfield>
    <subfield code="w">2023-01-20</subfield>
    <subfield code="y">LBS1</subfield>
  </datafield>
  <datafield tag="952" ind1=" " ind2=" ">
    <subfield code="0">0</subfield>
    <subfield code="1">0</subfield>
    <subfield code="2">ddc</subfield>
    <subfield code="5">6</subfield>
    <subfield code="7">0</subfield>
    <subfield code="8">DS</subfield>
    <subfield code="a">BNPHU</subfield>
    <subfield code="b">BNPHU</subfield>
    <subfield code="c">HD</subfield>
    <subfield code="d">2018-09-12</subfield>
    <subfield code="e">Donado por Editora B&#xFA;ho</subfield>
    <subfield code="o">BNPHU DS RD863.44 P426in</subfield>
    <subfield code="p">2023-0322</subfield>
    <subfield code="r">2023-01-20</subfield>
    <subfield code="t">e.5</subfield>
    <subfield code="w">2023-01-20</subfield>
    <subfield code="y">LBS1</subfield>
  </datafield>
  <datafield tag="999" ind1=" " ind2=" ">
    <subfield code="c">50443</subfield>
    <subfield code="d">50443</subfield>
  </datafield>
</record>
